[Event "HUN-chT2 Szechenyi 1617"]
[Site "Hungary"]
[Date "2017.02.12"]
[Round "8.11"]
[White "Mesits, Maxim"]
[Black "Haasz, Gyula"]
[Result "1/2-1/2"]
[WhiteElo "1376"]
[BlackElo "1669"]
[PlyCount "100"]
[EventDate "2016.09.25"]
[EventType "team-tourn"]
[EventRounds "11"]
[EventCountry "HUN"]
[SourceTitle "EXT 2021"]
[Source "ChessBase"]
[SourceDate "2020.10.23"]
[SourceVersion "1"]
[SourceVersionDate "2020.10.23"]
[SourceQuality "1"]
[WhiteTeam "Haladas Szombathely III"]
[BlackTeam "Csuti Baki Agrocentrum"]
[WhiteTeamCountry "HUN"]
[BlackTeamCountry "HUN"]

1. e4 c6 2. d4 d5 3. Nc3 dxe4 4. Nxe4 Nf6 5. Nxf6+ exf6 6. Nf3 Bd6 7. Bc4 Bg4 8. c3 0-0 9. h3 Be6 10. Qd3 Nd7 11. Be3 Bxc4 12. Qxc4 Nb6 13. Qb3 Qc7 14. 0-0-0 Nd5 15. Bd2 Bf4 16. g3 Bxd2+ 17. Rxd2 b5 18. h4 Qd7 19. Re1 Rfe8 20. Rde2 Rxe2 21. Rxe2 Qg4 22. Ng1 f5 23. c4 bxc4 24. Qxc4 f4 25. Qxc6 Qc8 26. Qxc8+ Rxc8+ 27. Kd1 Kf8 28. Rc2 Rd8 29. Rd2 fxg3 30. fxg3 Ne3+ 31. Ke2 Nf5 32. Kf2 Nd6 33. Rd3 Ke7 34. Nf3 f6 35. g4 Kd7 36. Ra3 Nb5 37. Rb3 Kc6 38. Ke3 Rd7 39. g5 Rd5 40. a4 Nc7 41. Rc3+ Kd6 42. b4 fxg5 43. Nxg5 Rxg5 44. hxg5 Nd5+ 45. Kd3 Nxc3 46. Kxc3 a6 47. Kd3 Kc6 48. Ke4 h5 49. b5+ axb5 50. axb5+ Kxb5 1/2-1/2

[Event "HUN-chT2 Szechenyi 1213"]
[Site "Hungary"]
[Date "2012.11.18"]
[Round "4.9"]
[White "Kurcsics, Mate"]
[Black "Haasz, Gyula"]
[Result "1-0"]
[WhiteElo "1745"]
[BlackElo "1797"]
[PlyCount "119"]
[EventDate "2012.09.16"]
[EventType "team-tourn"]
[EventRounds "11"]
[EventCountry "HUN"]
[SourceTitle "EXT 2014"]
[Source "ChessBase"]
[SourceDate "2013.11.20"]
[SourceVersion "1"]
[SourceVersionDate "2013.11.20"]
[SourceQuality "1"]
[WhiteTeam "Lovo"]
[BlackTeam "Zalaegerszeg Bagi"]
[WhiteTeamCountry "HUN"]
[BlackTeamCountry "HUN"]

1. e4 c6 2. d4 d5 3. exd5 cxd5 4. Nf3 Nc6 5. c3 Nf6 6. Bf4 e6 7. Bd3 Bd6 8. Be5 Bxe5 9. Nxe5 Nxe5 10. dxe5 Nd7 11. f4 Nc5 12. Na3 a6 13. b4 Nxd3+ 14. Qxd3 b5 15. 0-0 Bb7 16. Nc2 Rc8 17. Ne3 0-0 18. Rf3 f5 19. exf6 Rxf6 20. Rh3 Rg6 21. f5 exf5 22. Rf1 d4 23. cxd4 Be4 24. Qb3+ Kh8 25. Qf7 Rf6 26. Qb3 Qxd4 27. Rd1 Qe5 28. Rh5 Qe8 29. Rh4 Rfc6 30. Rf4 h6 31. Nxf5 Bc2 32. Qg3 Rg6 33. Qf3 Bxd1 34. Qxd1 Qe5 35. Rf1 Rf6 36. Ng3 Qe3+ 37. Kh1 Rfc6 38. Ne2 Rc2 39. Nf4 Rc1 40. Ng6+ Kh7 41. Nf8+ Rxf8 42. Qxc1 Qxc1 43. Rxc1 Rf2 44. Ra1 Kg6 45. Kg1 Rb2 46. a3 Kf5 47. Rf1+ Ke6 48. Rf3 Ra2 49. Re3+ Kf5 50. Rf3+ Ke4 51. Rg3 g5 52. Rh3 Kd4 53. Rf3 h5 54. Rf5 Rxa3 55. Rxg5 Kc4 56. Rxh5 Kxb4 57. g4 Rc3 58. g5 Rc5 59. Rh4+ Ka5 60. Rg4 1-0

[Event "HUN-chT2 Szechenyi 1011"]
[Site "Hungary"]
[Date "2011.05.15"]
[Round "11.2"]
[White "Paksa, Rudolf"]
[Black "Haasz, Gyula"]
[Result "1-0"]
[WhiteElo "2140"]
[BlackElo "1776"]
[PlyCount "81"]
[EventDate "2010.09.12"]
[EventType "team-tourn"]
[EventRounds "11"]
[EventCountry "HUN"]
[SourceTitle "EXT 2012"]
[Source "ChessBase"]
[SourceDate "2011.11.24"]
[SourceVersion "1"]
[SourceVersionDate "2011.11.24"]
[SourceQuality "1"]
[WhiteTeam "Ajka Banyasz"]
[BlackTeam "Baki Agrocentrum"]
[WhiteTeamCountry "HUN"]
[BlackTeamCountry "HUN"]

1. e4 c6 2. d4 d5 3. Nc3 dxe4 4. Nxe4 Nf6 5. Nc3 Bf5 6. Nf3 Nbd7 7. Bd3 Bxd3 8. Qxd3 Nd5 9. Ne2 e6 10. a3 Bd6 11. 0-0 Qc7 12. c4 Nf4 13. Bxf4 Bxf4 14. d5 Ne5 15. Nxe5 Bxe5 16. dxe6 fxe6 17. f4 Bxb2 18. Rab1 Bf6 19. c5 0-0 20. Qc4 Rae8 21. Ng3 b5 22. cxb6 axb6 23. Kh1 b5 24. Rxb5 Rf7 25. Rc5 Qe7 26. a4 Bh4 27. Ne4 Qd7 28. g3 Be7 29. Rxc6 Qd5 30. Rc1 Ba3 31. Rc3 Bb2 32. Rc2 Qd1+ 33. Kg2 Bd4 34. Rc1 Qg4 35. h3 Qh5 36. Qxd4 e5 37. Qc4 exf4 38. Rc8 Rxc8 39. Qxc8+ Rf8 40. Qe6+ Kh8 41. Rc8 1-0

[Event "HUN-chT2 Szechenyi 0910"]
[Site "Hungary"]
[Date "2009.11.08"]
[Round "1.10"]
[White "Bakos, Andrea"]
[Black "Haasz, Gyula"]
[Result "1/2-1/2"]
[WhiteElo "1889"]
[BlackElo "1858"]
[PlyCount "104"]
[EventDate "2009.11.08"]
[EventType "team-tourn"]
[EventRounds "11"]
[EventCountry "HUN"]
[SourceTitle "EXT 2011"]
[Source "ChessBase"]
[SourceDate "2010.11.26"]
[SourceVersion "1"]
[SourceVersionDate "2010.11.26"]
[SourceQuality "1"]
[WhiteTeam "Tapolca Szeremley"]
[BlackTeam "Baki Agrocentrum"]
[WhiteTeamCountry "HUN"]
[BlackTeamCountry "HUN"]

1. e4 c6 2. d4 d5 3. exd5 cxd5 4. Bd3 Nf6 5. h3 Nc6 6. Nf3 e6 7. 0-0 Bd6 8. Bg5 Qb6 9. b3 Nb4 10. c4 Nxd3 11. Qxd3 dxc4 12. Qxc4 Bd7 13. Rc1 0-0 14. Bxf6 gxf6 15. Nc3 Ba3 16. Rc2 Rac8 17. Qd3 Kg7 18. Ne4 Rxc2 19. Qxc2 Rc8 20. Qd2 Qc7 21. Nxf6 h6 22. Nh5+ Kh7 23. Qd3+ f5 24. Ne5 Be7 25. Re1 Bg5 26. f4 Bd8 27. Kh2 Be8 28. Ng3 Bh4 29. Re2 Qc1 30. Qd2 Rc3 31. Nf3 Bxg3+ 32. Kxg3 Qxd2 33. Rxd2 Bc6 34. Re2 Bd5 35. Kf2 Rd3 36. Rd2 Rc3 37. Ne5 Rc7 38. g4 Rc1 39. Nd7 Kg6 40. Ne5+ Kg7 41. Nd3 Rh1 42. Kg3 Rg1+ 43. Kh4 fxg4 44. hxg4 Kf6 45. Ne5 Rh1+ 46. Kg3 Rg1+ 47. Kh3 Rh1+ 48. Kg3 Rc1 49. Nd7+ Kg7 50. g5 hxg5 51. fxg5 Rg1+ 52. Kf4 Rf1+ 1/2-1/2

[Event "HUN-chT2 Szechenyi 0809"]
[Site "Hungary"]
[Date "2008.11.30"]
[Round "3.11"]
[White "Tukacs, Renato"]
[Black "Haasz, Gyula"]
[Result "1-0"]
[WhiteElo "1772"]
[BlackElo "1892"]
[PlyCount "79"]
[EventDate "2008.10.26"]
[EventType "team-tourn"]
[EventRounds "11"]
[EventCountry "HUN"]
[SourceTitle "EXT 2010"]
[Source "ChessBase"]
[SourceDate "2010.11.25"]
[SourceVersion "1"]
[SourceVersionDate "2010.11.25"]
[SourceQuality "1"]
[WhiteTeam "Keszthely"]
[BlackTeam "Baki Agrocentrum"]
[WhiteTeamCountry "HUN"]
[BlackTeamCountry "HUN"]

1. e4 c5 2. Nf3 Nc6 3. d4 cxd4 4. Nxd4 Nf6 5. Nc3 e6 6. a3 Be7 7. Be3 0-0 8. Bc4 Ne5 9. Bb3 Nfg4 10. Bf4 Bg5 11. Qd2 Bh6 12. Bxh6 Nxh6 13. 0-0-0 a6 14. f4 Nc6 15. Ba4 Nxd4 16. Qxd4 b5 17. Bb3 Qc7 18. Qd6 Ra7 19. h3 f5 20. e5 Nf7 21. Qxc7 Rxc7 22. Rd4 Bb7 23. Rhd1 Bc6 24. g3 Rb8 25. Ne2 Kf8 26. Rg1 a5 27. g4 Be4 28. Nc3 b4 29. Nxe4 fxe4 30. axb4 axb4 31. Re1 g5 32. Rexe4 gxf4 33. Rxf4 Ke7 34. Rxb4 Rxb4 35. Rxb4 Nxe5 36. Rb8 Nf7 37. c3 Rc5 38. Rg8 Kf6 39. h4 Re5 40. Bc2 1-0

[Event "HUN-ch Seniors"]
[Site "Ajka"]
[Date "2005.03.24"]
[Round "1"]
[White "Haasz, Gyula"]
[Black "Szell, Lajos"]
[Result "0-1"]
[WhiteElo "2048"]
[BlackElo "2236"]
[PlyCount "68"]
[EventDate "2005.03.24"]
[EventType "swiss"]
[EventRounds "7"]
[EventCountry "HUN"]
[SourceTitle "EXT 2008"]
[Source "ChessBase"]
[SourceDate "2007.11.25"]
[SourceVersion "1"]
[SourceVersionDate "2007.11.25"]
[SourceQuality "1"]

1. d4 Nf6 2. c4 g6 3. Nf3 Bg7 4. Nc3 0-0 5. Bg5 h6 6. Bh4 d6 7. e4 c6 8. Qd2 Qa5 9. a3 c5 10. Bd3 cxd4 11. Nb5 Qb6 12. Nbxd4 Nc6 13. Nxc6 bxc6 14. Rb1 Re8 15. 0-0 Be6 16. Qc2 Nd7 17. b4 a5 18. Bg3 axb4 19. axb4 Ra3 20. e5 dxe5 21. Rfe1 Rea8 22. c5 Qb7 23. Nxe5 Ra2 24. Qc1 Nf6 25. Nxg6 Nd5 26. Nf4 Nxf4 27. Qxf4 Rd8 28. Rbd1 Rd7 29. Qe4 Kf8 30. b5 Bd5 31. bxc6 Qxc6 32. Bb5 Bxe4 33. Bxc6 Bxc6 34. Rxd7 Bxd7 0-1